Music Quiz

Random Music or Bands Quiz

Best-Selling Musicians (World) Quiz Stats

 Plays Quiz Updated Mar 25, 2015

Challenge
Share
Tweet
Embed
Score 0/25 Timer 08:00
6 Plays Today
Millions of Units Sold Artist % Correct
265 M (UK)The Beatles
95.1%
175 M (US)Michael Jackson
81.2%
166 M (US)Madonna
75.7%
100+ M (UK)The Rolling Stones
73.1%
210 M (US)Elvis Presley
65%
105 M (Irish)U2
60.3%
162 M (UK)Elton John
57%
125 M (Canadian)Celine Dion
49.9%
140 M (UK)Led Zeppelin
44.8%
110 M (Australian)AC/DC
44.6%
130 M (US)Mariah Carey
42.9%
115+ M (UK)Pink Floyd
35.9%
130+ M (US)Eagles
35.5%
Millions of Units Sold Artist % Correct
105+ M (UK)Queen
34.5%
80 M (US)Britney Spears
33.8%
112 M (US)Whitney Houston
33.7%
100 M (US)Bruce Springsteen
32.3%
100+ M (US)Billy Joel
29.4%
90+ M (US)Aerosmith
29.4%
115 M (US)Eminem
28.5%
90 M (US)Metallica
28.2%
145 M (US)Garth Brooks
27.6%
85+ M (UK)Phil Collins
21.3%
97 M (US)Barbra Streisand
14.3%
76 M (UK)Rod Stewart
12.5%

You're not logged in!

Compare scores with friends on all Sporcle quizzes.
OR
Log In

You Might Also Like...

Show Comments

Extras

Top Quizzes Today


Score Distribution

Your Account Isn't Verified!

In order to create a playlist on Sporcle, you need to verify the email address you used during registration. Go to your Sporcle Settings to finish the process.

Report this User

Report this user for behavior that violates our Community Guidelines.

Details: